| 000 | 00710nam a2200205 u 4500 | ||
|---|---|---|---|
| 005 | 20220604063715.0 | ||
| 008 | 170426s2014 mx r 000 0 spa d | ||
| 020 | _a9786077082637 | ||
| 035 | _aUPN01000217392 | ||
| 049 | _aCG | ||
| 050 | 4 |
_aKGF3003 _bN5.2 |
|
| 100 | 1 |
_aNieto Castillo, Santiago _940356 |
|
| 245 | 1 | 0 |
_aControl de convencionalidad y la reforma constitucional en materia de derechos humanos / _cSantiago Nieto Castillo. |
| 260 |
_aMéxico : _bTribunal Electoral del Poder Judicial de la Federación, _c2014. |
||
| 300 | _a127 p. | ||
| 440 | 0 |
_aCuadernos de divulgacion de la justicia electoral ; _v30 |
|
| 650 | 4 |
_aDerechos humanos _zMéxico _95183 |
|
| 905 | _aLibro | ||
| 999 |
_c189492 _d189492 |
||